[Event "DMP Ekstraliga 2020"]
[Site "Krakow"]
[Date "2020.08.26"]
[Round "1.21"]
[White "Olszewski, Michal"]
[Black "Kosakowski, Jakub"]
[Result "0-1"]
[WhiteElo "2547"]
[BlackElo "2418"]
[Annotator "TA"]
[PlyCount "120"]
[EventDate "2020.08.26"]
[EventType "team-tourn"]
[EventCountry "POL"]
[SourceTitle "playchess.com"]
[Source "ChessBase"]
[SourceQuality "1"]

{[%evp 14,120,31,27,25,29,23,21,31,10,15,2,7,0,13,0,6,0,0,0,0,-28,-14,-44,-35,-60,-58,-91,-92,-153,-154,-160,-160,-153,-147,-134,-145,-166,-166,-168,-169,-164,-162,-150,-120,-145,-78,-81,-77,-133,-132,-136,-100,-146,-149,-147,-148,-147,-148,-187,-191,-211,-155,-152,-152,-156,-155,-210,-175,-187,-139,-141,-140,-207,-191,-218,-200,-199,-199,-196,-195,-203,-197,-229,-229,-229,-211,-211,-211,-222,-221,-272,-266,-266,-245,-283,-283,-256,-256,-312,-283,-312,-222,-2284,-1939,-29965,-154,-5093,-4926]} 1. Nf3 Nf6 2. c4 g6 3. b3 Bg7 4. Bb2 O-O 5. g3 c6 6. Bg2 d5 7. O-O Qb6 8. Qc2 Bg4 {A11: English Opening: 1...c6.} 9. d3 Nbd7 10. Nbd2 Rfe8 {The position is equal.} 11. Rac1 e5 12. cxd5 cxd5 {[#]} 13. h3 $146 ({Predecessor:} 13. e3 a5 14. h3 Bxf3 15. Nxf3 a4 16. bxa4 Qa6 17. a3 Bf8 18. d4 e4 19. Ne5 {0-1 (36) Haria,R (2436)-Manley,J (2149) Daventry 2018}) 13... Bxf3 14. Nxf3 Bh6 15. e3 d4 16. g4 {Hoping for g5.} Nd5 $1 17. g5 Bg7 $1 18. Qc4 Qa5 $1 {...N7b6 is the strong threat.} 19. exd4 {And now b4! would win.} N7b6 $36 {[%mdl 2048] White is under pressure.} 20. Qc2 {[%cal Rd4e5]} exd4 $1 21. Bxd4 (21. Rce1 $142) 21... Bxd4 $17 22. Nxd4 {[#]} Nf4 $1 23. Qc5 {[#]} Re5 $1 {[%cal Re5c5]} 24. Qxa5 Rxa5 25. Bxb7 Rd8 26. Nf3 Ne2+ {[%mdl 64] Double Attack} ({But not} 26... Rxd3 27. Rcd1 $17) (26... Nxh3+ 27. Kh2 $15) ({Not} 26... Rxa2 27. Ra1 $15) 27. Kg2 Nxc1 28. Rxc1 Rxa2 29. Ne5 Re2 (29... Nd7 $142 30. Ng4 Kg7) 30. Be4 Rc8 31. Nc6 (31. Ra1 $142) 31... Kg7 32. b4 Nd7 33. b5 Rb2 34. Ra1 Rxb5 35. h4 Rc7 36. Nxa7 Rb6 37. Bd5 Nc5 38. Rc1 Ne6 39. Rxc7 Nxc7 {[%mdl 4096] Endgame KRN-KBN} 40. Be4 (40. Bc4 $17 {is a better defense.}) 40... f5 $19 41. gxf6+ Rxf6 42. Nc6 Ne6 43. Ne5 (43. Kg3 $17) 43... Nf4+ 44. Kg3 Nh5+ 45. Kg2 Rf4 46. Nf3 Kh6 47. Bc6 Nf6 48. d4 Ne4 49. Bd7 Nd6 50. Kg3 Re4 51. d5 Rb4 52. Ne5 Kg7 53. Be6 Rd4 54. Nf3 Rd3 55. Kf4 Kf6 56. Bg8 h6 57. Be6 Rb3 58. Nd4 $2 (58. Ne1) 58... g5+ 59. hxg5+ hxg5+ 60. Kg4 Rb4 {Accuracy: White = 63%, Black = 89%.} 0-1

[Event "DMP Ekstraliga 2020"]
[Site "Krakow"]
[Date "2020.08.26"]
[Round "1.22"]
[White "Walter, Szymon"]
[Black "Kriebel, Tadeas"]
[Result "0-1"]
[WhiteElo "2288"]
[BlackElo "2519"]
[Annotator "TA"]
[PlyCount "72"]
[EventDate "2020.08.26"]
[EventType "team-tourn"]
[EventCountry "POL"]
[SourceTitle "playchess.com"]
[Source "ChessBase"]
[SourceQuality "1"]

{[%evp 13,72,0,0,0,-8,-1,-4,0,0,8,33,32,39,19,20,22,17,22,41,0,8,0,10,0,0,0,7,6,0,-24,-22,-51,-56,-55,-53,-42,-45,-79,-104,-152,-171,-237,-68,-79,-77,-70,-70,-141,-149,-135,-135,-127,-68,-72,-47,-1343,-1327,-29983,-29984,-29984,-29985]} 1. e4 c5 2. Nc3 e6 3. f4 d5 4. Nf3 dxe4 5. Bb5+ Bd7 6. Bxd7+ Nxd7 7. Nxe4 Ngf6 8. d3 {B21: Sicilian: 2 f4 and Morra Gambit.} Be7 9. O-O O-O 10. Qe2 {The position is equal.} Re8 {[#]} 11. b3 $146 ({Predecessor:} 11. Bd2 Qb6 12. Bc3 Nd5 13. Ne5 Nxc3 14. bxc3 Qc7 15. Nxd7 Qxd7 16. Qh5 Qd5 17. Ng5 Bxg5 18. fxg5 {0-1 (44) Van Bentum,H-Jacoby,F (2220) Germany 1992}) 11... h6 12. Bb2 Nd5 13. Ne5 f5 14. Nd2 Nxe5 15. Bxe5 ({Don't go for} 15. Qxe5 $2 Bf6 $19) 15... b5 16. Rae1 Bd6 17. Qf2 Rc8 18. Kh1 Bxe5 19. Rxe5 Qa5 20. a4 {Black should prevent axb5.} a6 21. c4 Nf6 {And now ...Ng4 would win.} 22. h3 bxa4 23. bxa4 Nd7 24. Re3 Qxa4 25. g4 Qc6+ 26. Nf3 e5 {...fxg4 is the strong threat.} 27. Qe2 {[#]} (27. Qe1 $142) 27... Rf8 $2 (27... Nf6 $1 $19 28. Rxe5 {[#]} Nxg4 $1 {[%mdl 512]} 29. hxg4 fxg4 {[%mdl 64] Pin}) 28. fxe5 $15 fxg4 29. hxg4 {next e6 is good for White.} Rf4 30. e6 (30. Re4 $15 Rxe4 31. Qxe4) 30... Nf6 $17 31. e7 Re8 ({And not} 31... Rxg4 32. Re6 $11) 32. Re6 Qb7 ({Better is} 32... Qd7 $17 33. Qe3 Rxg4) 33. Qe3 $1 $15 {[%cal Re3f4]} g5 34. Rf2 $2 {[%mdl 8192]} (34. Kg1 $15) 34... Nxg4 $19 {[%mdl 64] Double Attack} 35. Rg6+ {[#]} Kh7 $1 36. Qe6 Rxf3 {Accuracy: White = 55%, Black = 84%.} 0-1

[Event "DMP Ekstraliga 2020"]
[Site "Krakow"]
[Date "2020.08.26"]
[Round "1.23"]
[White "Bobras, Piotr"]
[Black "Dzierzak, Radoslaw"]
[Result "1-0"]
[WhiteElo "2487"]
[BlackElo "2276"]
[Annotator "TA"]
[PlyCount "121"]
[EventDate "2020.08.26"]
[EventType "team-tourn"]
[EventCountry "POL"]
[SourceTitle "playchess.com"]
[Source "ChessBase"]
[SourceQuality "1"]

{[%evp 26,121,0,0,32,31,31,35,29,31,32,34,26,17,24,24,18,18,45,39,38,50,39,38,37,39,44,44,47,47,57,47,62,44,47,37,52,30,48,36,103,104,93,96,104,100,100,83,106,97,156,141,150,145,135,128,160,155,177,184,182,174,362,399,445,416,431,404,385,350,610,603,595,587,560,399,588,566,1439,1277,1587,1596,1495,1320,2449,1708,1079,1001,807,588,588,560,5583,4347,29973,29971,5917,5795]} 1. e4 c6 2. d4 d5 3. Nc3 dxe4 4. Nxe4 Bf5 5. Ng3 Bg6 6. h4 h6 7. Nf3 Nd7 8. h5 Bh7 9. Bd3 Bxd3 10. Qxd3 e6 11. Bd2 Ngf6 12. O-O-O Be7 13. Kb1 O-O {13...Qb6 deserves study.} 14. Ne4 Nxe4 {B19: Classical Caro-Kann: 4...Bf5 main line.} 15. Qxe4 Nf6 16. Qe2 Qd5 {White is slightly better.} 17. Ne5 Qe4 ({But not} 17... Qxg2 $6 18. Bxh6 $1 {[%mdl 512]} Qe4 19. Qxe4 $16) 18. Qxe4 Nxe4 19. Be1 Rfd8 20. f3 Nf6 21. Bf2 {[#]} Nd5 $146 ({Predecessor:} 21... Nd7 22. c4 Bd6 23. Rhe1 Bb4 24. Rh1 Bd6 25. Nd3 a5 26. a4 b5 27. b3 Rdc8 {½-½ (57) Yu,Y (2667)-Ma,Q (2613) China 2014}) 22. c4 Nf6 23. g4 Rac8 24. Rhe1 Bd6 25. b3 Kf8 26. Kc2 a6 27. Nd3 Ra8 28. Re2 b5 29. Be1 Rdc8 30. Ba5 Nd7 31. Ne5 Nf6 32. Bb6 Ke8 {[#]} (32... c5 $14) 33. Bc5 $1 $36 {[%cal Rc5d6][%mdl 2048] Black is under strong pressure. White leaves nothing to chance now.} Be7 34. f4 Nd7 35. Bxe7 Kxe7 36. f5 Nxe5 37. Rxe5 {[%mdl 4096] Endgame KRR-KRR} Kd7 (37... Rd8 $142) 38. fxe6+ fxe6 39. Rde1 Re8 40. Kc3 Rab8 41. g5 hxg5 42. Rxg5 Re7 43. Rf1 Kd6 $2 (43... Rh8 {was necessary.} 44. a4 bxc4) 44. c5+ $18 Kd7 {[#]} 45. Kb4 $1 a5+ 46. Kxa5 Ra8+ 47. Kb4 Rxa2 $2 (47... Rh8 48. Rfg1 Rh7) 48. Rfg1 Rd2 49. R1g4 Rh2 50. Ka5 Rh3 (50... g6 $142 51. hxg6 Rg7) 51. Kb6 Rxb3 52. Rxg7 Rh3 53. Rxe7+ Kxe7 54. Kxc6 {KR-KR} b4 55. Rg7+ Kf6 56. Rb7 b3 {[#]} 57. h6 $1 {[%mdl 512]} Rxh6 58. Rxb3 Ke7 59. Rb7+ Ke8 60. Kd6 Rh4 61. Kxe6 {Accuracy: White = 96%, Black = 52%.} 1-0

[Event "DMP Ekstraliga 2020"]
[Site "Krakow"]
[Date "2020.08.26"]
[Round "1.24"]
[White "Sliwicka, Alicja"]
[Black "Kiolbasa, Oliwia"]
[Result "1/2-1/2"]
[WhiteElo "2317"]
[BlackElo "2160"]
[Annotator "TA"]
[PlyCount "65"]
[EventDate "2020.08.26"]
[EventType "team-tourn"]
[EventCountry "POL"]
[SourceTitle "playchess.com"]
[Source "ChessBase"]
[SourceQuality "1"]

{[%evp 13,65,0,12,-4,12,-49,-47,-73,-63,-61,-21,-56,-54,-108,-29,-14,-5,-17,0,-22,0,0,0,-41,-37,-109,12,-16,0,0,0,0,0,-124,-92,-80,-31,-36,-36,-58,17,14,17,0,0,0,0,-12,-5,-10,-8,-12,-10,-10]} 1. e4 e5 2. d4 exd4 3. Nf3 Nc6 4. Nxd4 Bc5 5. Nxc6 Qf6 6. Qd2 dxc6 7. Nc3 Bd7 8. Na4 {C45: Scotch Game.} Bd6 9. Qe3 (9. Bd3 $11) 9... Qe7 $15 {[#]} 10. c4 $146 {Black is slightly better.} ({Predecessor:} 10. Bd3 Nh6 11. h3 f6 12. Bd2 Nf7 13. f4 c5 14. Nc3 c6 15. O-O-O O-O-O 16. Qf2 {1-0 (71) Zumsande,M (2374)-Graf,A (2635) Germany 2002}) 10... Bb4+ 11. Nc3 f5 12. e5 Nh6 13. h3 (13. Be2 $15) 13... f4 (13... Nf7 $17 14. f4 Bc5) 14. Qxf4 $11 Nf7 15. Be2 O-O 16. Qg3 Nxe5 17. O-O Bd6 {[#] ...Nf3+! is the strong threat.} 18. Qg5 (18. c5 $5 Bxc5 19. Bg5 $11) 18... Qe6 $36 {[%mdl 2048] Black is pushing.} 19. b3 (19. Ne4 $15) 19... Rf5 (19... Nf7 $17 20. Qd2 Qg6) 20. Qd2 Nf3+ 21. Bxf3 Rxf3 22. c5 $1 {[%cal Rc5d6]} Be5 23. Ne4 (23. Bb2 $1 $11 {keeps the balance.}) 23... Rff8 24. Rb1 {[%cal Ba1b1,Bb1b2,Bb2c2][%mdl 32]} Qd5 25. Bb2 Bxb2 26. Rxb2 Qxe4 (26... Bxh3 $1 $15 27. Qxd5+ cxd5) 27. Qxd7 {The position is equal.} Qe5 28. Rc2 Rad8 29. Qg4 Rd4 30. Qe2 Re8 31. Re1 Qxe2 32. Rcxe2 Rxe2 33. Rxe2 {Accuracy: White = 55%, Black = 63%.} 1/2-1/2

[Event "DMP Ekstraliga 2020"]
[Site "Krakow"]
[Date "2020.08.26"]
[Round "1.25"]
[White "Moranda, Wojciech"]
[Black "Golubka, Petro"]
[Result "1-0"]
[WhiteElo "2605"]
[BlackElo "2495"]
[Annotator "TA"]
[PlyCount "87"]
[EventDate "2020.08.26"]
[EventType "team-tourn"]
[EventCountry "POL"]
[SourceTitle "playchess.com"]
[Source "ChessBase"]
[SourceQuality "1"]

{[%evp 12,87,6,8,31,25,24,20,27,35,47,20,24,18,27,19,33,25,33,14,38,33,33,31,79,75,80,54,62,25,40,29,31,0,12,10,17,-16,-16,-28,0,-12,0,-34,0,-39,5,14,14,7,5,14,10,6,9,10,97,103,158,163,264,272,315,325,489,459,435,364,425,413,745,745,745,744,744,741,841,834]} 1. d4 Nf6 2. c4 e6 3. Nf3 b6 4. g3 Bb7 5. Bg2 Be7 6. O-O O-O 7. Re1 $1 {[%mdl 4] is more profitable than 7.Nc3 at the moment. Played by Fabiano Caruana in July 2020.} Re8 {E17: Queen's Indian: 4 g3 Bb7 5 Bg2 Be7.} 8. Nc3 Bb4 9. Qc2 Bxc3 {The position is equal.} 10. Qxc3 a5 11. Bf4 d6 12. Rad1 Nbd7 13. b3 Qe7 14. Bc1 Ra7 15. a3 Qf8 16. Bb2 h6 17. Bh3 Be4 18. Nd2 Bf5 19. Bg2 d5 20. h3 c5 21. cxd5 exd5 22. Rc1 Re6 23. Qf3 Bg6 24. e3 a4 25. bxa4 c4 26. Qd1 Qe8 27. Bc3 Nb8 28. Bb4 (28. e4 $5 Bxe4 29. Bxe4 Nxe4 30. Nxe4 Rxe4 31. Qh5 $11) 28... Qxa4 29. Qxa4 Rxa4 30. e4 Nc6 31. e5 Nxb4 32. axb4 Rxb4 33. Nf1 {[#] Threatens to win with Ne3.} Ne4 {[#]} (33... c3 $1 $11 {[%mdl 512] remains equal.}) 34. f3 $1 $36 {[%cal Rf3e4][%mdl 2048] [#] White has strong initiative.} Nc5 ({Black should try} 34... Nf6 $1 {[%mdl 512]}) 35. dxc5 {Black must now prevent Ne3.} bxc5 (35... d4 $142 36. f4 bxc5) 36. Ne3 $18 Rxe5 {White should prevent ...d4.} 37. f4 $1 {[%csl LRd5,LRe5]} Rxe3 (37... Re8 {is a better defense.} 38. Nxd5 Rxe1+ 39. Rxe1 Rb1) 38. Rxe3 d4 39. Re8+ Kh7 {If only Black now had time for ...c3....} 40. Re5 Rb1 (40... Bb1 $142 41. Rxc5 c3) 41. Rxb1 {White is clearly winning.} Bxb1 42. Rxc5 c3 43. Kf2 f5 44. Ke1 {Accuracy: White = 81%, Black = 60%.} 1-0

[Event "DMP Ekstraliga 2020"]
[Site "Krakow"]
[Date "2020.08.26"]
[Round "1.26"]
[White "Pultinevicius, Paulius"]
[Black "Dziuba, Marcin"]
[Result "1-0"]
[WhiteElo "2519"]
[BlackElo "2590"]
[Annotator "TA"]
[PlyCount "151"]
[EventDate "2020.08.26"]
[EventType "team-tourn"]
[EventCountry "POL"]
[SourceTitle "playchess.com"]
[Source "ChessBase"]
[SourceQuality "1"]

{[%evp 17,151,0,0,0,0,0,6,0,0,-10,-3,0,0,0,7,-29,-11,-29,-27,-34,-29,-22,-34,-37,-34,-41,-27,-34,-2,-1,-2,0,0,0,0,-9,0,0,0,0,11,0,0,0,0,-2,-7,-6,0,-7,-7,-7,-7,-7,-7,-7,-7,-7,-7,-8,-8,-40,8,8,14,14,14,14,14,8,8,4,4,4,4,4,4,4,4,6,903,962,925,690,648,436,954,908,1626,1675,1257,1253,29966,29967,29966,29968,29968,29955,29959,29959,29954,29962,29959,29961,29965,29958,29958,29956,29957,1543,1513,1307,29969,29968,29970,29971,29971,29973,29973,29971,29976,29977,29977,29975,29980,29981,29981,29982,29982,29981,29981,29982,29981,29982,29986,29987]} 1. c4 c5 2. Nf3 Nc6 3. Nc3 g6 4. e3 Nf6 5. d4 cxd4 6. exd4 d5 7. cxd5 Nxd5 8. Qb3 e6 9. Bb5 Bg7 10. O-O {A35: Symmetrical English: 2 Nc3 Nc6 3 Nf3.} O-O 11. Bxc6 bxc6 12. Bg5 {The position is equal. 12.Re1 is setting a new trend.} Qb6 {[#]} 13. Qc2 $146 ({Predecessor:} 13. Na4 Qxb3 14. axb3 e5 15. dxe5 Bg4 16. Nd4 Bxe5 17. Nxc6 Bg7 18. h3 Bd7 19. Rac1 Rfc8 20. Ne7+ {½-½ (20) Mis,M (2240)-Nasuta,G (2463) Bialystok 2017}) 13... Nxc3 14. bxc3 Ba6 15. Rfe1 c5 {[%cal Rc5d4]} 16. Rab1 Qc7 17. Qa4 Bb7 18. Bf4 Qxf4 19. Rxb7 a6 20. Rb6 cxd4 21. cxd4 a5 22. Rb5 Qc7 23. d5 exd5 24. Rxd5 Rfd8 25. Rxd8+ Qxd8 26. h4 Bf6 27. h5 Kg7 28. Qf4 g5 29. Qf5 h6 30. Rc1 a4 31. Rc6 $132 {[%mdl 2048] White is not holding back} Ra5 32. Qe4 a3 33. g4 Qd5 34. Qxd5 Rxd5 $11 {[%mdl 4096] Endgame KRB-KRN} 35. Kg2 Rd1 36. Ra6 Bb2 37. Nh2 Ra1 38. Nf1 $1 Rxa2 {aiming for ...Bd4.} 39. Ne3 Kf8 40. Nf5 {[%cal Ra6a8]} Ke8 41. Rxh6 {Threatens to win with Ra6.} Ra1 42. Ra6 {h6 is the strong threat.} Kd7 43. Ra7+ Kc6 44. h6 {Strongly threatening h7.} Kb6 45. Ra8 {And now h7 would win.} Kb7 46. Ra4 Rd1 $1 47. h7 {Black must now prevent Rxa3!} Rd8 48. Ne3 Ra8 $2 {[%mdl 8192] Loses the game.} (48... Kc6 $11) 49. Rxa8 $18 Kxa8 {[#] KB-KN} 50. Nc4 $1 {[%cal Rc4b2]} Kb7 {[#]} 51. Kf3 $1 {[%cal Rf3e4]} ({Not} 51. Nxa3 Kc6 $16) 51... Kc6 (51... Kc7 $142 52. Ke4 Kd7) 52. Nxb2 {Nd3 would kill now.} axb2 53. h8=Q b1=Q {KQ-KQ} 54. Qf6+ {[%mdl 64] Double Attack} Kd7 55. Qxf7+ Kd6 56. Qf6+ Kc7 57. Qe7+ Kb8 58. Qd8+ Ka7 59. Qxg5 Qh1+ 60. Ke2 Kb7 61. Qg6 Kc7 62. Qd3 Kc8 63. Qd4 (63. Qf5+ $142 Kd8 64. g5 Qh5+ 65. Ke3 Kc7 66. f4 Kd6 67. Qf6+ Kd5 68. Qe5+ Kc4 69. Qe6+ Kb4 70. g6) 63... Qh4 64. Kf3 Qh3+ 65. Kf4 {White mates.} Qh6+ 66. Kg3 Qh1 67. g5 Qg1+ 68. Kf4 Qh2+ 69. Kf5 Qh3+ 70. Qg4 Qh8 71. Kg6+ Kb8 72. Qf4+ Ka8 73. Qe4+ Ka7 74. Qe7+ Ka8 75. Qf7 Qd4 76. Qf8+ {Accuracy: White = 93%, Black = 77%.} 1-0

[Event "DMP Ekstraliga 2020"]
[Site "Krakow"]
[Date "2020.08.26"]
[Round "1.27"]
[White "Hnydiuk, Aleksander"]
[Black "Warakomski, Tomasz"]
[Result "1/2-1/2"]
[WhiteElo "2411"]
[BlackElo "2515"]
[Annotator "TA"]
[PlyCount "77"]
[EventDate "2020.08.26"]
[EventType "team-tourn"]
[EventCountry "POL"]
[SourceTitle "playchess.com"]
[Source "ChessBase"]
[SourceQuality "1"]

{[%evp 9,77,28,32,35,37,25,20,23,27,36,25,21,28,27,43,33,41,37,57,43,56,35,86,60,64,59,60,60,72,60,56,59,125,109,174,166,158,171,164,152,194,160,187,160,162,162,199,186,239,186,210,163,160,103,144,94,143,0,47,0,140,103,123,37,42,0,139,0,35,0]} 1. d4 d5 2. c4 c5 3. cxd5 Qxd5 4. Nf3 cxd4 5. Nc3 Qa5 6. Nxd4 {D06: Queen's Gambit: Symmetrical and Baltic Defences.} Nf6 7. g3 e5 8. Nb3 {The position is equal.} Qc7 9. Bg2 Bb4 10. Qd3 O-O 11. Bg5 {[#]} Bxc3+ $146 ({Predecessor:} 11... Rd8 12. Qe3 Bxc3+ 13. Qxc3 Qxc3+ 14. bxc3 Nc6 15. Bxf6 gxf6 16. Rd1 Be6 17. Nc5 Bxa2 18. Nxb7 Rxd1+ 19. Kxd1 {1-0 (41) Wang,Y (2718)-Wang,H (2717) Huaian 2016}) 12. Qxc3 Qxc3+ 13. bxc3 Nbd7 14. O-O h6 15. Be3 e4 (15... Ng4 $14) 16. Nd2 Re8 17. Nc4 b6 18. Nd6 Re7 19. a4 Ba6 $1 20. a5 $36 {[%mdl 2048] And now c4 would win. White is more active.} bxa5 ({Black should try} 20... Re6 $14 21. axb6 Bxe2) 21. c4 $16 Ne5 (21... Ne8 $16 22. Nf5 (22. Rxa5 Nxd6 23. Rxa6 {[%mdl 64] Double Attack} Nxc4 $14) (22. Nxe4 Bb7 $16) (22. Bxe4 Rd8 $14) 22... Re5) 22. Rxa5 $18 Bxc4 {[#]} 23. Rxe5 $1 {[%mdl 576] Remove Defender} Rxe5 24. Nxc4 Re7 25. Ra1 Nd5 26. Nb6 Nxb6 27. Bxb6 {[%mdl 64] [#] Pin} a6 28. e3 Re6 (28... a5 {was necessary.} 29. Rxa5 Rxa5 30. Bxa5 f5) 29. Ba5 Rb8 30. Bf1 Rc6 31. Kg2 (31. g4 $142) 31... h5 32. Be1 Rbb6 33. Ba5 (33. Be2 $16) 33... Rb2 34. Be1 (34. Ra3 $14) 34... Rbb6 $1 $16 35. h4 Kh7 36. Ba5 (36. Be2 $16) 36... Rb2 $14 37. Be1 (37. Kg1 $14) 37... Rbb6 $1 $16 38. Ba5 ({White should play} 38. Be2 $16) 38... Rb2 $14 39. Be1 {Black escapes into a draw. Accuracy: White = 63%, Black = 64%.} 1/2-1/2

[Event "DMP Ekstraliga 2020"]
[Site "Krakow"]
[Date "2020.08.26"]
[Round "1.28"]
[White "Grabarczyk, Miroslaw"]
[Black "Zilka, Stepan"]
[Result "1/2-1/2"]
[WhiteElo "2368"]
[BlackElo "2564"]
[Annotator "TA"]
[PlyCount "107"]
[EventDate "2020.08.26"]
[EventType "team-tourn"]
[EventCountry "POL"]
[SourceTitle "playchess.com"]
[Source "ChessBase"]
[SourceQuality "1"]

{[%evp 13,107,-6,-6,-9,-3,-7,-2,-14,-14,-14,-8,-16,-15,-23,0,-14,-2,-7,-13,-25,-8,-6,0,0,0,0,0,0,0,0,0,0,0,0,0,0,0,0,0,-7,-5,-5,-5,-10,-10,-8,-2,-32,-17,-24,-24,-27,-28,-39,-33,-22,-22,-36,-43,-37,-32,-69,-69,-69,-85,-77,-93,-89,-69,-114,-69,-72,-8,-8,-8,-8,-8,-8,-8,-8,-8,-8,-8,-8,-8,-8,-8,-8,-8,-8,-8,-8,-8,-8,-8,-8]} 1. d4 Nf6 2. c4 e6 3. Nf3 d5 4. Nc3 c6 5. cxd5 exd5 6. Bg5 h6 7. Bxf6 Qxf6 8. e3 {D35: Queen's Gambit Declined: Exchange Variation.} Bd6 9. Bd3 O-O 10. h3 Nd7 11. O-O Qd8 12. Qc2 Re8 {[#]} 13. Rab1 $146 ({Predecessor:} 13. e4 dxe4 14. Nxe4 Bc7 15. Rfe1 Nb6 16. Nc5 Rxe1+ 17. Rxe1 Nd5 18. Ne5 Bxe5 19. Rxe5 {0-1 (101) Pohlers,J (2105)-Siluk,Z Ustron 1994}) 13... Qe7 14. Rfe1 Nf6 15. e4 dxe4 16. Nxe4 Nxe4 17. Bxe4 {And now Bh7+ would win.} Qf6 18. Bxc6 Bf5 19. Be4 Rac8 20. Qd3 $1 Rxe4 21. Rxe4 Qg6 22. Rbe1 Bxe4 23. Qxe4 Qxe4 24. Rxe4 $11 {[%mdl 4096] Endgame KRB-KRN} Rc2 25. Kf1 Rxb2 26. Re2 Rb6 27. Re8+ Kh7 28. Rd8 Kg6 29. Nd2 Kf6 30. Nc4 (30. Re8 {seems wilder.} Ba3 31. d5 Rb4 32. Ke2 Rd4 33. Rb8) 30... Ke7 (30... Be7 {is more complex.} 31. Nxb6 Bxd8 32. Nc4 Ke6 33. Ke2 b5) 31. Nxb6 Kxd8 {KB-KN} 32. Nc4 Kd7 33. a4 Kc6 34. Ke2 $1 Bc7 35. Kd3 b5 36. axb5+ Kxb5 37. Kc3 Ba5+ 38. Kb3 Bb4 $1 39. f3 a5 {White must now prevent ...a4+.} 40. Nb2 h5 41. g4 h4 42. f4 {[#]} g6 (42... Bd2 $1 $17 43. f5 g6) 43. f5 $1 {The position is equal.} gxf5 44. gxf5 Bd2 45. Na4 Be1 46. Nc5 Bf2 47. Ne4 a4+ 48. Ka2 Bxd4 {Threatens to win with ...f6.} 49. Nd6+ $1 Kc6 50. Nxf7 Kd5 51. Ng5 Bf6 52. Nf3 Ke4 {[#]} 53. Nxh4 $1 {[%mdl 512]} Bxh4 54. Ka3 {Accuracy: White = 95%, Black = 94%.} 1/2-1/2

[Event "DMP Ekstraliga 2020"]
[Site "Krakow"]
[Date "2020.08.26"]
[Round "1.29"]
[White "Plat, Vojtech"]
[Black "Sabuk, Piotr"]
[Result "1-0"]
[WhiteElo "2566"]
[BlackElo "2377"]
[Annotator "TA"]
[PlyCount "65"]
[EventDate "2020.08.26"]
[EventType "team-tourn"]
[EventCountry "POL"]
[SourceTitle "playchess.com"]
[Source "ChessBase"]
[SourceQuality "1"]

{[%evp 15,65,22,20,2,14,0,10,0,0,0,4,0,14,12,52,52,44,25,23,21,61,57,148,145,153,156,195,204,189,143,128,175,322,303,440,413,665,663,657,651,656,610,642,750,29991,29992,29992,29993,29993,29994,29994,29995]} 1. d4 Nf6 2. Nf3 e6 3. c4 b6 4. g3 Ba6 5. Nbd2 d5 6. Bg2 Be7 7. O-O O-O 8. b3 c5 9. cxd5 $5 {[%mdl 4] An interesting side line. E15: Queen's Indian: 4 g3 sidelines, 4 g3 Ba6 and 4 g3 Bb7 early deviations.} exd5 10. Bb2 Nc6 11. Rc1 {The position is equal.} Re8 12. Re1 Rc8 13. a3 {[#]} cxd4 $146 ({Predecessor:} 13... Ne4 14. dxc5 Bxc5 15. e3 Qe7 16. Nxe4 dxe4 17. Nd2 Bxa3 18. Bxa3 Qxa3 19. Ra1 Qb2 20. Rxa6 {0-1 (27) Menendez,D (2198)-Morgado,J (2275) Buenos Aires 2002}) 14. b4 Bd6 15. Qa4 $36 {[%mdl 2048] White is pushing.} Bb7 16. Bh3 Rc7 17. Nb3 Ne4 18. Nbxd4 Ne5 (18... Nxd4 $14 19. Bxd4 Qb8) 19. Rxc7 $16 ({Inferior is} 19. Qxa7 Nc4 $17) 19... Bxc7 20. Qxa7 Bc8 21. Bxc8 Qxc8 22. Nxe5 Bxe5 23. Qxb6 Qh3 {[#]} (23... Nd2 $142) 24. Qb5 $1 $18 {[%cal Rb5e8][%mdl 64] Double Attack} Kf8 (24... Nf6 $142 25. e3 Ra8) 25. Qxd5 Nxf2 (25... Nf6 $142 26. Qf3 Qd7) 26. Rf1 Bxg3 27. hxg3 Qxg3+ 28. Qg2 Nh3+ 29. Kh1 Qh4 {[#]} 30. Ne6+ $1 {[%mdl 512] White mates.} Rxe6 31. Qxg7+ {[%mdl 64] Double Attack} Ke7 32. Qxf7+ Kd8 33. Rd1+ {Accuracy: White = 94%, Black = 36%.} 1-0